| 000 | 00561cam a2200193ua 4500 | ||
|---|---|---|---|
| 001 | 10834 | ||
| 008 | 190408n ii |||gr||||Z||||||eng | ||
| 020 | _a9789380261928 | ||
| 040 | _cMAIN | ||
| 082 | _a378 | ||
| 245 |
_aQuality assurance in higher education : _bRole of stakeholders / _cEd by Nayan Kalita and Jadab Chandra Goreswai . |
||
| 250 | _a1st ed. | ||
| 260 |
_aGuwahati: _bEBH publishers, _c2013. |
||
| 300 | _a176p. | ||
| 653 | _aHigher education | ||
| 700 |
_aNayan Kalita, _eAuthor. |
||
| 700 |
_aJadab Chandra Goswami., _eAuthor. |
||
| 942 | _cBK | ||
| 999 |
_c9792 _d9792 |
||